Statystyki dla NBA składy 2022/23

Kliknij tutaj aby rozwiązać quiz!

Ogólne statystyki

  • Ten quiz został rozwiązany 185 razy
  • Średni wynik to 115 z 480

Statystyki odpowiedzi

HintOdpowiedź% Poprawnych
LakersJames
89%
GrizzliesMorant
87%
SpursSochan
81%
Brooklyn | GoldenCurry
80%
NuggetsJokic
78%
DetroitDuren
75%
Lakers | SacramentoDavis
72%
DallasDoncic
71%
Chicago | Dallas | Golden | +3 othersGreen
70%
GoldenThompson
70%
LakersWestbrook
70%
PhiladelphiaEmbiid
69%
PhiladelphiaHarden
69%
Boston | Clippers | Lakers | +3 othersBrown
67%
Miami | PortlandButler
67%
BrooklynIrving
67%
Charlotte | ChicagoBall
66%
ChicagoDeRozan
66%
ClippersGeorge
66%
ClippersLeonard
66%
BostonTatum
66%
Boston | Chicago | Grizzlies | OklahomaWilliams
65%
ChicagoLaVine
63%
PortlandLillard
63%
PhoenixBooker
62%
Atlanta | TorontoYoung
62%
PelicansWilliamson
61%
Bucks | ChicagoAntetokounmpo
60%
Cleveland | SacramentoMitchell
60%
GoldenPoole
60%
PhoenixPaul
59%
Atlanta | Nuggets | SacramentoMurray
58%
SacramentoFox
57%
GrizzliesAdams
56%
MiamiAdebayo
56%
Atlanta | BucksHoliday
56%
SacramentoSabonis
56%
GrizzliesBane
54%
Brooklyn | MinnesotaEdwards
54%
MinnesotaGobert
53%
Houston | NuggetsGordon
53%
Boston | Clippers | Grizzlies | +2 othersJackson
53%
Atlanta | Indiana | Phoenix | +2 othersJohnson
53%
TorontoSiakam
53%
MinnesotaTowns
53%
UtahMarkkanen
51%
IndianaHaliburton
49%
Boston | Chicago | NuggetsWhite
49%
MiamiHerro
48%
ClevelandGarland
47%
Bucks | ClevelandLopez
47%
KnicksRandle
47%
PhoenixBridges
45%
WizardsKuzma
45%
WizardsPorzingis
45%
BostonSmart
45%
WizardsBeal
44%
GrizzliesBrooks
44%
KnicksBrunson
44%
BrooklynDurrant
44%
PhiladelphiaMaxey
44%
BrooklynSimmons
44%
Charlotte | Houston | Indiana | NuggetsSmith
44%
ChicagoVucevic
44%
PelicansIngram
43%
MinnesotaRussell
43%
BucksMiddleton
42%
Bucks | ClevelandAllen
41%
Charlotte | Chicago | Grizzlies | +3 othersJones
41%
KnicksRose
41%
AtlantaCapela
40%
OklahomaGiddey
40%
ClevelandLove
40%
LakersReaves
40%
PelicansMcCollum
39%
PhoenixAyton
38%
TorontoVanVleet
38%
Golden | OklahomaWiggins
38%
Atlanta | DetroitBogdanovic
37%
Houston | Nuggets | TorontoPorter
37%
OrlandoWagner
37%
ClippersZubac
37%
ChicagoCaruso
36%
DetroitCunningham
36%
MiamiLowry
36%
BostonHorford
35%
OklahomaGilgeous-Alexander
34%
WizardsHachimura
34%
Brooklyn | Orlando | PhiladelphiaHarris
34%
NuggetsJordan
34%
GoldenLooney
33%
OrlandoAnthony
32%
UtahClarkson
32%
Sacramento | TorontoBarnes
31%
PortlandNurkic
31%
Knicks | Miami | OklahomaRobinson
31%
DallasHardaway
30%
GoldenKuminga
30%
ClevelandMobley
30%
Clippers | DallasPowell
30%
Atlanta | SpursCollins
29%
PelicansValanciunas
29%
ClippersWall
29%
OrlandoBamba
28%
Atlanta | BostonGriffin
28%
BucksPortis
28%
CharlotteRozier
28%
LakersSchroder
28%
BrooklynThomas
27%
PhiladelphiaTucker
27%
IndianaTurner
27%
LakersBeverley
26%
LakersBryant
26%
GoldenDiVincenzo
26%
Dallas | Lakers | PortlandWalker
26%
OrlandoBol
25%
UtahConley
25%
ChicagoDrummond
25%
SpursPoeltl
25%
SpursVassell
25%
BrooklynClaxton
24%
OrlandoFultz
24%
PortlandPayton
24%
HoustonSengun
24%
PortlandSimons
24%
UtahBeasley
23%
UtahSexton
23%
GoldenWiseman
23%
TorontoAnunoby
22%
Brooklyn | Clippers | WizardsMorris
22%
KnicksBarrett
21%
BostonBrogdon
21%
NuggetsCaldwell-Pope
21%
PortlandGrant
21%
IndianaHield
21%
HoustonMarjanovic
21%
MiamiStrus
21%
PortlandHart
20%
Charlotte | Houston | MiamiMartin
20%
CharlottePlumlee
20%
Brooklyn | PortlandSharpe
20%
ClevelandWade
20%
DallasDinwiddie
19%
PelicansMurphy
19%
CharlotteOubre
19%
DallasWood
19%
GrizzliesAldama
18%
Bucks | OrlandoCarter
18%
CharlotteHayward
18%
SacramentoHuerter
18%
ClippersKennard
18%
SacramentoLen
18%
Charlotte | MinnesotaMcDaniels
18%
SacramentoMonk
18%
KnicksQuickley
18%
MiamiVincent
18%
MinnesotaAnderson
17%
MiamiJovic
17%
GrizzliesTillman
17%
PelicansAlvarado
16%
LakersPippen
16%
UtahVanderbilt
16%
ClippersBatum
15%
DetroitBey
15%
PhoenixCrowder
15%
OklahomaDort
15%
UtahGay
15%
Clippers | OklahomaMann
15%
GoldenMoody
15%
ClevelandOkoro
15%
UtahOlynyk
15%
ClevelandRubio
15%
Detroit | PelicansHayes
14%
DallasKleber
14%
MiamiOladipo
14%
PhoenixPayne
14%
BostonPritchard
14%
WizardsAvdija
13%
BucksIngles
13%
ClevelandOsman
13%
OrlandoSuggs
13%
Charlotte | Houston | PhoenixWashington
13%
BucksConnaughton
12%
KnicksFournier
12%
LakersGabriel
12%
NuggetsHyland
12%
MinnesotaPrince
12%
MinnesotaReid
12%
CharlotteRichards
12%
PelicansDaniels
11%
ChicagoDragic
11%
WizardsGafford
11%
PelicansGraham
11%
KnicksGrimes
11%
MiamiHaslem
11%
Pelicans | TorontoHernangomez
11%
GoldenIguodala
11%
GoldenJerome
11%
PhiladelphiaMelton
11%
BrooklynMills
11%
LakersNunn
11%
PhoenixOkogie
11%
KnicksToppin
11%
TorontoTrent
11%
GrizzliesClarke
10%
AtlantaHunter
10%
PhiladelphiaKorkmaz
10%
Nuggets | PhiladelphiaReed
10%
SpursRichardson
10%
Dallas | DetroitStewart
10%
DallasBullock
9%
PhiladelphiaHarrell
9%
BostonKornet
9%
PhiladelphiaNiang
9%
PhoenixSaric
9%
ClippersCovington
8%
DallasFinney-Smith
8%
UtahHorton-Tucker
8%
GrizzliesKonchar
8%
GoldenLamb
8%
DallasMcGee
8%
OklahomaMuscala
8%
OklahomaPokusevski
8%
MinnesotaRivers
8%
BrooklynWatanabe
8%
SpursDieng
7%
PhiladelphiaMilton
7%
OrlandoRoss
7%
PhoenixShamet
7%
IndianaTheis
7%
TorontoAchiuwa
6%
IndianaBitadze
6%
TorontoBoucher
6%
ChicagoBradley
6%
PhoenixCraig
6%
ChicagoDosunmu
6%
Bucks | ChicagoHill
6%
BucksIbaka
6%
Philadelphia | PhoenixLee
6%
ClevelandLeVert
6%
GoldenRollins
6%
BrooklynWarren
6%
DetroitBagley
5%
SpursBates-Diop
5%
NuggetsCancar
5%
PortlandEubanks
5%
KnicksHartenstein
5%
PhiladelphiaHouse
5%
OrlandoIsaac
5%
OklahomaJoe
5%
DetroitKnox
5%
SpursMcDermott
5%
PelicansNance
5%
IndianaNesmith
5%
MinnesotaNowell
5%
AtlantaOkongwu
5%
SpursPrimo
5%
KnicksReddish
5%
MinnesotaRyan
5%
KnicksSims
5%
ClevelandStevens
5%
HoustonTate
5%
CharlotteThor
5%
PhiladelphiaThybulle
5%
LakersToscano-Anderson
5%
DallasBertans
4%
PhoenixBiyombo
4%
MiamiDedmon
4%
SacramentoDellavedova
4%
Bucks | HoustonMatthews
4%
IndianaNembhard
4%
BucksNwora
4%
UtahAlexander-Walker
3%
WizardsBarton
3%
DallasCampazzo
3%
ClippersCoffey
3%
DetroitDiallo
3%
SacramentoEllis
3%
HoustonFernando
3%
TorontoFlynn
3%
WizardsGill
3%
OrlandoHampton
3%
WizardsKispert
3%
MinnesotaKnight
3%
DetroitNoel
3%
UtahPotter
3%
GrizzliesRoddy
3%
PhiladelphiaSpringer
3%
LakersSwider
3%
PortlandWinslow
3%
Dallas | WizardsWright
3%
UtahAzubuike
2%
TorontoBanton
2%
OklahomaBazley
2%
GrizzliesBean
2%
ClippersBoston
2%
DetroitBurks
2%
MiamiCain
2%
IndianaDuarte
2%
UtahFontecchio
2%
HoustonGaruba
2%
MinnesotaGarza
2%
WizardsGibson
2%
WizardsGoodwin
2%
DallasHall
2%
MiamiHighsmith
2%
SacramentoHolmes
2%
DetroitJoseph
2%
AtlantaKaminsky
2%
PhoenixLandale
2%
SpursLangford
2%
GrizzliesLaRavia
2%
PortlandLittle
2%
SacramentoLyles
2%
BucksMamukelashvili
2%
PelicansMarshall
2%
IndianaMcConnell
2%
SacramentoMetu
2%
MinnesotaMoore
2%
HoustonNix
2%
SacramentoOkpala
2%
BrooklynO'Neale
2%
SpursRoby
2%
IndianaTaylor
2%
ChicagoTerry
2%
OklahomaWaters
2%
PortlandWatford
2%
TorontoWilson
2%
PortlandBadji
1%
SpursBassey
1%
UtahBolmaro
1%
IndianaBrissett
1%
Philadelphia | TorontoChampagnie
1%
ClippersDiabate
1%
DallasDorsey
1%
BrooklynDuke
1%
HoustonEason
1%
AtlantaForrest
1%
AtlantaKrejci
1%
PelicansLewis
1%
PelicansLiddell
1%
CharlotteMaledon
1%
KnicksMcBride
1%
MinnesotaMcLaughlin
1%
MinnesotaMinott
1%
ClevelandNeto
1%
NuggetsNnaji
1%
DallasNtilikina
1%
OrlandoOkeke
1%
OklahomaOmoruyi
1%
IndianaQueen
1%
ChicagoSimonovic
1%
BrooklynSumner
1%
PelicansTemple
1%
WizardsTodd
1%
MiamiYurtseven
1%
KnicksArcidiacono
0%
SpursBarlow
0%
TorontoBirch
0%
DetroitBoeheim
0%
CharlotteBouknight
0%
WizardsCarey
0%
HoustonChristopher
0%
AtlantaCulver
0%
BostonDavison
0%
ClevelandDiakite
0%
WizardsDotson
0%
TorontoDowtin
0%
MinnesotaForbes
0%
TorontoHarper
0%
HoustonHudgins
0%
KnicksJeffries
0%
UtahJuzang
0%
BostonKabengele
0%
DetroitKey
0%
DetroitMcGruder
0%
SacramentoMoneke
0%
KnicksMykhailiuk
0%
GrizzliesOnu
0%
DallasPinson
0%
SacramentoQueta
0%
OrlandoSchofield
0%
OrlandoScrubb
0%
PelicansSeabron
0%
OklahomaShackelford
0%
OrlandoShittu
0%
BostonVanleh
0%
PhoenixWainright
0%
ClevelandWindler
0%

Rozkład punktacji

Percentyl według liczby udzielonych odpowiedzi

Procent ludzi z każdym wynikiem

Twoja historia wyników

Nie rozwiązałeś tego quizu